| 000 | 00555nam a22001937a 4500 | ||
|---|---|---|---|
| 003 | MPLRDC | ||
| 005 | 20220104124206.0 | ||
| 008 | 210129b ||||| |||| 00| 0 eng d | ||
| 020 | _a978-986-417-964-0 | ||
| 082 | _a784.18 HAN | ||
| 100 | _aCHARLES HANDY | ||
| 245 |
_a你拿什么定义自己? _c唐勤 译 |
||
| 250 | _a一版十刷 | ||
| 260 |
_a台湾 _b天下远见出版股份有限公司 _c2008 |
||
| 300 | _b303 | ||
| 490 | _a财经企管: 365 | ||
| 650 | _a英国人物传记--查尔斯.韩第 CHARLES HANDY | ||
| 942 |
_cBK _o784.18 HAN |
||
| 999 |
_c17370 _d17360 |
||